Historia de la conquista de mexico población y progresos de la america septentrional conocida por el nombre de nueva españa (Record no. 8270)

MARC details
000 -CABECERA
campo de control de longitud fija 01668nam a2200373 a 4500
001 - NÚMERO DE CONTROL
campo de control BRCA_8607
003 - IDENTIFICADOR DEL NÚMERO DE CONTROL
campo de control FranzMayer
005 - FECHA Y HORA DE LA ÚLTIMA TRANSACCIÓN
campo de control 20230809145151.0
008 - DATOS DE LONGITUD FIJA--INFORMACIÓN GENERAL
campo de control de longitud fija 070916s1756----sp-#######---#000-0#spa-#
040 ## - FUENTE DE LA CATALOGACIÓN
Centro catalogador/agencia de origen MFM
Lengua de catalogación esp
Centro/agencia transcriptor MFM
041 ## - CÓDIGO DE LENGUA
Código de lengua del texto/banda sonora o título independiente spa
044 ## - CÓDIGO DEL PAÍS DE LA ENTIDAD EDITORA/PRODUCTORA
Código MARC del país sp
050 #4 - SIGNATURA TOPOGRÁFICA DE LA BIBLIOTECA DEL CONGRESO
Número de clasificación F1230
Número de documento/Ítem .S65
100 1# - ENTRADA PRINCIPAL--NOMBRE DE PERSONA
Nombre de persona Solis y Ribadeneyra, Don Antonio de
9 (RLIN) 21515
245 10 - MENCIÓN DE TÍTULO
Título Historia de la conquista de mexico población y progresos de la america septentrional conocida por el nombre de nueva españa
Mención de responsabilidad, etc. Don Antonio de Solis y Ribadeneyra.
260 ## - PUBLICACIÓN, DISTRIBUCIÓN, ETC.
Lugar de publicación, distribución, etc. Barcelona
Nombre del editor, distribuidor, etc. Imprenta de Lucas de Bezares y Urrutia
Fecha de publicación, distribución, etc. 1756
300 ## - DESCRIPCIÓN FÍSICA
Extensión 548 p.
Dimensiones 30 cm
500 ## - NOTA GENERAL
Nota general Fondo antiguo
500 ## - NOTA GENERAL
Nota general Se encuentra en Caja Fuerte
500 ## - NOTA GENERAL
Nota general B-186
500 ## - NOTA GENERAL
Nota general Portada impresa a dos tintas negro y rojo
500 ## - NOTA GENERAL
Nota general Con dedicatoria : al Rey nuestro señor Don Fernando VI
500 ## - NOTA GENERAL
Nota general Con censura el excelentisimo señor Don Gaspar de Mendoza Ibañez de Segovia, aprobación del reverendissimo Padre Diego Jacinto de Thebar, Licencia del ordinario, Fe de erratas y Suma de la tassa
500 ## - NOTA GENERAL
Nota general Incluye índice de los capítulos que contienen los cinco libros de esta historia, índice de cosas notables que se contienen en este libro
500 ## - NOTA GENERAL
Nota general Texto escrito a dos columnas
500 ## - NOTA GENERAL
Nota general Filigrana en las guardas
500 ## - NOTA GENERAL
Nota general Con Ex-libris de: Franz Mayer
500 ## - NOTA GENERAL
Nota general Estado físico: presenta manchas
500 ## - NOTA GENERAL
Nota general Nota de encuadernación: en piel pergamino
506 0# - NOTA DE RESTRICCIONES AL ACCESO
Limitaciones de acceso Fondo reservado: para su consulta es necesario credencial de usuario y carta de motivos
650 14 - PUNTO DE ACCESO ADICIONAL DE MATERIA--TÉRMINO DE MATERIA
Término de materia o nombre geográfico como elemento de entrada Historia
Término indicativo de función/relación Descubrimiento y conquista
Subdivisión geográfica México
9 (RLIN) 10416
902 ## - CATALOGADOR
Iniciales LAR
942 ## - ELEMENTOS DE PUNTO DE ACCESO ADICIONAL (KOHA)
Fuente del sistema de clasificación o colocación Library of Congress Classification
Tipo de ítem Koha Libros
Holdings
Estado de retiro Estado de pérdida Estado dañado No para préstamo Localización permanente Ubicación/localización actual Fecha de adquisición Número de inventario Total de préstamos Signatura topográfica completa Código de barras Fecha visto por última vez Precio válido a partir de Tipo de ítem Koha
El ejemplar forma parte de la colección y puede ser consultado según las políticas vigentes.       Biblioteca del Museo Franz Mayer (Rogerio Casas-Alatriste) Biblioteca del Museo Franz Mayer (Rogerio Casas-Alatriste) 07/09/2016 B-186   F1230 .S65 1756 (B-186) LAR00118 22/03/2019 22/03/2019 Libros